The Pacific Alliance's Place in the Global Economy

Postavenie Tichomorskej aliancie v globálnej ekonomike a jej zapojenie do medzinárodného obchodu. Úloha Tichomorskej aliancie vo svetovej ekonomike a medzinárodnom obchode s dôrazom na spoluprácu s ázijsko-tichomorským regiónom a analýza rozvoja vnútorného obchodu medzi členskými štátmi Aliancie. Ti...

Ausführliche Beschreibung

Gespeichert in:
Bibliographische Detailangaben
1. Verfasser: Janubová, Barbora, 1991-
Format: Buchkapitel
Sprache:Englisch
Schlagworte:
Tags: Tag hinzufügen
Keine Tags, Fügen Sie das erste Tag hinzu!

MARC

LEADER 00000naa$a2200000$$$4500
001 0312171
005 20250912081530.2
041 0 |a eng 
044 |a SK 
245 1 0 |a The Pacific Alliance's Place in the Global Economy  |c Barbora Janubová 
520 |a Postavenie Tichomorskej aliancie v globálnej ekonomike a jej zapojenie do medzinárodného obchodu. Úloha Tichomorskej aliancie vo svetovej ekonomike a medzinárodnom obchode s dôrazom na spoluprácu s ázijsko-tichomorským regiónom a analýza rozvoja vnútorného obchodu medzi členskými štátmi Aliancie. Tichomorská aliancia kladie väčší dôraz na medziregionálnu spoluprácu ako na rozvoj vnútorného trhu medzi svojimi členmi. Jedným z najdynamickejších partnerstiev je spolupráca so Singapurom, ale silné obchodné a investičné väzby s najväčšími a najrozvinutejšími ekonomikami sveta naďalej pretrvávajú. 
610 2 0 |a obchod medzinárodný 
610 2 0 |a spolupráca medzinárodná 
610 2 0 |a Kolumbia 
610 2 0 |a Peru 
610 2 0 |a Mexiko 
610 2 0 |a Čile 
100 1 |a Janubová, Barbora, 1991-